00908nam a22001937a 4500003000900000005001700009008004100026040001300067100002800080245004500108250000600153260002100159300001900180490000900199520037500208942001200583999001900595952010000614IT-RoPau20220918181219.0131217b xxu||||| |||| 00| 0 eng d cIT-RoPau aChiesa, Francesco95776 aPer l'unità€ nella formazione del Clero aI aAlbabPSSPc1932 a232 pp.c20 cm aE.P. aIndice Prefazione Capitolo Primo - Natura dell'unificazione Capitolo Secondo - Criteri di unificazione Capitolo Terzo - Motivi di unificazione Capitolo Quarto - Vantaggi dell'unificazione Capitolo Quinto - Cooperatori nell'unificazione Capitolo Sesto - Mezzi di unificazione Capitolo Settimo - Pratica del'unificazione Capitolo Ottavo - Diagramma di sintesi universale 2ddccBK c104226d104226 00102ddc406P_B571aPAULUSbPAULUSd2013-12-17l0oP B5r2013-12-17 00:00:00w2013-12-17yBK